000 00936nam a22002777a 4500
005 2010080701051.0
010 _aENG-98724
020 _c750.00
035 _aEN-82256
037 _bDBAD/PUB
082 _a954.82035
100 _aAarooran, K. Nambi
_98243
245 _aThe Tamil renaissance and dravidian nationalism /
_cby K. Nambi Aarooran
250 _a2nd ed.
260 _aChennai
_bAarooran Pathippagam
_c2008
270 _aNo. 5 Lake Area Nungambakkam
_bChennai
_e600034
300 _axii, 474 p.
_c24cm (Hb)
500 _aIncludes bibliographical references
650 _aIndia Tamilnadu
_vTamilnadu
_98244
650 _aNationalism
_98245
650 _aPoltical science
_98246
700 _97380
700 _98227
942 _2ddc
_cEN
_h954.82035
_mAAR
999 _c39963
_d39963